| 000 | 00498 a2200145 4500 | ||
|---|---|---|---|
| 005 | 20250714170624.0 | ||
| 020 | _a978-9912-9877-0-8 | ||
| 082 | _a348.42 TAN | ||
| 245 | _aTanzania law reports 2017 | ||
| 260 |
_aDar es Salaam, _bMartisayi Solution Limited, _c2017. |
||
| 300 |
_al, 632p.; _bReferences, _c23cm. |
||
| 700 | _aMTAKI, C. K. & MRAMBA, S. J. & NDITI, N. N. N. & MWIMALI, B. J. | ||
| 856 |
_yAccess online book _fTanzania law reports 2017 _dwww.martisayi.co.tz |
||
| 942 |
_2ddc _cBKS |
||
| 999 |
_c6698 _d6698 |
||